Restaurants Logo quiz - Statistics

General Stats
  • This quiz has been taken 548 times
  • The average score is 12 of 16
Answer Stats
Picture Answer % Correct
Subway
98%
Burger King
97%
Mcdonalds
97%
Dunkin Donuts
96%
KFC
95%
Dominos
94%
Wendys
91%
Pizza Hut
90%
Chick-fil-a
84%
Dairy Queen
82%
Panera
67%
Popeyes
67%
Golden Corral
59%
Culvers
48%
Qdoba
39%
Rallys
33%
No matching quizzes found
Score Distribution
Percent of People with Each Score
Percentile by Number Answered
Your Score History
You have not taken this quiz